| 000 | 01461nam a22002177a 4500 | ||
|---|---|---|---|
| 005 | 20220211144917.0 | ||
| 008 | 220210b ||||| |||| 00| 0 eng d | ||
| 020 | _a9789385889912 | ||
| 040 | _cAL | ||
| 041 | _aeng | ||
| 082 |
_223 _a658.15 _bSRIS |
||
| 100 |
_aSridhar A N _918968 |
||
| 245 |
_aStrategic financial management for C.A final _bA comprehensive guide |
||
| 250 | _a6th ed. | ||
| 260 |
_aMumbai _bShroff Publishers and Distributors _c2021 |
||
| 300 |
_axl,799p. _bPB _c27X21.1cm. |
||
| 365 |
_2General _a5698 _b₹1080.00 _c₹ _d₹1350.00 _e20% _f08-02-2022 |
||
| 520 | _aFully revised with the updated study material by ICAI (released in December 2020) and is tailored to suit the final year students of CA Final who are appearing for May 2021 examinations or later, under new syllabus. This edition also incorporates several additional problems including those asked in the November 2020 examination. It also incorporates solution to the January 2021 (November 2020 – Cycle II) examination question paper. Minor typographical errors have been corrected in the chapter of Equity Portfolio Management and other chapters. As ever, this book tries to balance the needs of those group of students who want to use this material just for passing the examination and the needs of those group of students who wants to learn in detail and pass the examination with high marks. | ||
| 650 |
_2Management _aFinancial Management _918969 |
||
| 942 |
_2ddc _cBK |
||
| 999 |
_c221462 _d221462 |
||